000 00477nam a22001817a 4500
003 CEME
005 20210628204156.0
008 210113b xxu||||| |||| 00| 0 eng d
020 _a9780521387312
040 _cceme
082 _a530.141 FLE
100 _aFleisch, Daniel
_969120
245 _aA student's guide to maxwell's equations
260 _aNEW DELHI
_bCAMBRIDGE
_c2010
300 _aVII, 134P
650 _aGUIDE TO MAXWELL'S EQUATIONS.
_969121
942 _cBK
_2ddc
999 _c576523
_d576523